000 01002njm a2200241 i 4500
001 4673
003 ES-MaACL
005 20240621063006.0
007 s|r|||||||||||
008 070806s1967 sp ||| g ||||||||1|nspa d
100 1 _aGarcía Miranda, Francisco.
_954955
245 1 0 _aProblemas del ejercicio profesional médico en España
_h[Grabación sonora] /
_cinterviene el Dr. Francisco García Miranda.
260 _aMadrid :
_bAteneo de Madrid,
_c1967.
300 _a1 disco (CD-DA) (45 min. 23 seg.) ;
_c12 cm.
500 _aDatos basados en la invitación.
518 _aActo organizado por el Aula de Medicina del Ateneo de Madrid, grabado en el salón de actos el viernes 3 de marzo de 1967, a las 20:00 h.
610 2 4 _aAteneo de Madrid-
_xActos culturales-
_y1967-
_vGrabaciones sonoras.
_91881
650 1 4 _aMédicos.
_914941
710 2 _aAteneo de Madrid.
_bAula de Medicina.
_91947
852 _aES-MaACL
_jROT 3/2/40
_94790
_cROT
942 _2udc
999 _c4673
_d4673